Republika Południowej Afryki - quiz wielokrotnego wyboru - Statystyki

Ogólne statystyki
  • Ten quiz został rozwiązany 699 razy
  • Średni wynik to 9 z 15
Statystyki odpowiedzi
Zagadnienie Odpowiedź % Poprawnych
Który z tych krajów nie graniczy z Republiką Południowej Afryki? Kenia
90%
Johannesburg został założony w 1886 roku. Co spowodowało, że ludzie przenieśli się w te okolice i założyli miasto? Gorączka złota
84%
Prawda czy fałsz. Były prezydent Jacob Zuma jest poligamistą. Prawda
78%
Które z tych miast nie leży na wybrzeżu? Johannesburg
72%
Kto założył Kapsztad? Holendry
67%
Jaki procent mieszkańców Republiki Południowej Afryki jest nosicielami wirusa HIV? 13
63%
Republika Południowej Afryki ma 11 języków urzędowych. Który z nich nie jest jednym z nich? Suahili
63%
Jaka partia polityczna zdominowała politykę Republiki Południowej Afryki od końca apartheidu? Afrykański Kongres Narodowy
59%
Reprezentacja Republiki Południowej Afryki w rugby znana jest jako springboks. Co to jest springbok? Antylopa
57%
Kiedy Nelson Mandela został wybrany na prezydenta? 1994
55%
Jaki w przybliżeniu procent mieszkańców Republiki Południowej Afryki to biali? 8
45%
Który zagraniczny przywódca mieszkał w Republice Południowej Afryki przez wiele lat? Mahatma Gandhi
43%
Która z tych znanych aktorek pochodzi z Republiki Południowej Afryki? Charlize Theron
42%
Jak Christiaan Barnard przeszedł do historii w 1967 roku? Dokonując pierwszego na świecie przeszczepu serca
42%
Jak miała na imię druga żona Nelsona Mandeli? Winnie
28%
Nie znaleziono quizów pasujących do podanych kryteriów
Rozkład punktacji
Procent ludzi z każdym wynikiem
Percentyl według liczby udzielonych odpowiedzi
Twoja historia wyników
Nie rozwiązałeś tego quizu